000 005120000a22001810004500
003 MACL
005 20160311170303.0
008 160311b xxu||||| |||| 00| 0 eng d
040 _aMACL
_cMACL
041 _aHindi
082 _a891.433
100 _aआशापूर्णादवी
_944532
245 _aजब प्रकाश ही न हो
260 _bगंगा प्रकाशन
_c1997
_aदिल्‍ली
350 _a50
650 _aNovel
_945108
942 _cHIN
_k891.433
_2ddc
999 _c29724
_d29724